| 000 | 00403nam a2200145Ia 4500 | ||
|---|---|---|---|
| 008 | 151213s9999 xx 000 0 und d | ||
| 100 | _aMarjoric P.. Jate | ||
| 245 |
_aTales Of Mystery and Terran, Thrillers _cMarjoric P.. Jate |
||
| 260 |
_aNew York _bBaronet Books |
||
| 300 | _a3123 p. | ||
| 650 | _aEnglish Literature | ||
| 650 | _aEnglish Literature | ||
| 700 | _aMarjoric P.. Jate | ||
| 999 |
_c2148 _d2148 |
||